[Event "ODJM C 2022"]
[Site "Willingen GER"]
[Date "2022.06.10"]
[Round "8"]
[White "Reh, Krispin"]
[Black "Hildebrand, Azat"]
[Result "1/2-1/2"]
[Termination "normal"]
[Board "21"]
[WhiteElo "1006"]
[BlackElo "1190"]
[PlyCount "143"]
[WhiteFideId "16299205"]
[BlackFideId "34607536"]
[EventCountry "GER"]
[EventRounds "9"]
[EventType "swiss"]
[EventDate "2022.06.04"]

1. e4 c5 2. Nc3 e6 3. Bc4 a6 4. Nf3 b5 5. Be2 d6 6. a3 Nd7 7. d3 Bb7 8. O-O
Ngf6 9. Bg5 Be7 10. d4 cxd4 11. Nxd4 h6 12. Bf4 e5 13. Be3 exd4 14. Bxd4 O-O
15. Bf3 Qc7 16. Re1 Rfd8 17. Qd3 Ne5 18. Qd1 Rac8 19. Re3 Nc4 20. Re2 Nxb2 21.
Qc1 Nc4 22. Qf4 Ne5 23. h3 Nxf3+ 24. Qxf3 Qc4 25. Rd1 Nd7 26. Nd5 Bxd5 27. exd5
Bf6 28. Be3 Ne5 29. Qh5 Qh4 30. Qxh4 Bxh4 31. g3 Bg5 32. Bb6 Re8 33. f4 Rb8 34.
Bc7 Rbc8 35. Bxd6 Nc4 36. Rf2 Nxd6 37. fxg5 hxg5 38. Rd4 Re5 39. Kg2 Rc5 40.
Rfd2 Nf5 41. R4d3 Ne3+ 42. Kf3 Nxc2 43. Kf2 a5 44. d6 Re8 45. d7 Rd8 46. Re2
Kf8 47. h4 gxh4 48. gxh4 b4 49. axb4 Nxb4 50. Rde3 Nd3+ 51. Rxd3 Rc7 52. Rd5
Rcxd7 53. Rh5 g6 54. Rxa5 Rd2 55. Rxd2 Rxd2+ 56. Ke1 Rd4 57. h5 gxh5 58. Rxh5
Kg7 59. Rg5+ Kf6 60. Rg3 Rf4 61. Ke2 Ke5 62. Kd3 f5 63. Rg7 Rd4+ 64. Ke3 Rd8
65. Kf3 Rf8 66. Re7+ Kd6 67. Re2 f4 68. Re4 Rf7 69. Rd4+ Ke5 70. Re4+ Kd5 71.
Rxf4 Rxf4+ 72. Kxf4 1/2-1/2

[Event "ODJM C 2022"]
[Site "Willingen GER"]
[Date "2022.06.10"]
[Round "8"]
[White "Lola, Ioanna-Maria"]
[Black "Moissl, Julian"]
[Result "0-1"]
[Termination "normal"]
[Board "23"]
[WhiteElo "842"]
[BlackElo "1146"]
[PlyCount "66"]
[WhiteFideId "34620397"]
[BlackFideId "16295129"]
[EventCountry "GER"]
[EventRounds "9"]
[EventType "swiss"]
[EventDate "2022.06.04"]

1. d4 d5 2. Nf3 Nf6 3. Bf4 e6 4. e3 Bd6 5. Bg3 O-O 6. Bd3 Nc6 7. Nbd2 Re8 8.
O-O e5 9. dxe5 Nxe5 10. Nxe5 Bxe5 11. Qf3 Bg4 12. Bxe5 Bxf3 13. Nxf3 Nd7 14.
Bd4 c5 15. Bc3 c4 16. Be2 Qc7 17. Rad1 Nb6 18. Rd4 Na4 19. Rxd5 Nxc3 20. bxc3
Rad8 21. Rh5 Rd6 22. Rh4 Ree6 23. Rxc4 Rc6 24. Nd2 Red6 25. Rd1 Rxc4 26. Bxc4
Qxc4 27. h3 Qxa2 28. c4 Qxc2 29. Rb1 Rxd2 30. Rxb7 g6 31. Rb8+ Kg7 32. f4 Rxg2+
33. Kf1 Qf2# 0-1

[Event "ODJM C 2022"]
[Site "Willingen GER"]
[Date "2022.06.10"]
[Round "8"]
[White "Rabe, Elina"]
[Black "Wolf, Adam"]
[Result "0-1"]
[Termination "normal"]
[Board "24"]
[WhiteElo "764"]
[BlackElo "926"]
[PlyCount "62"]
[WhiteFideId "34623531"]
[BlackFideId "34623426"]
[EventCountry "GER"]
[EventRounds "9"]
[EventType "swiss"]
[EventDate "2022.06.04"]

1. e4 e5 2. Nf3 Nc6 3. Bc4 Nf6 4. Nc3 Nxe4 5. Nxe4 d5 6. Neg5 dxc4 7. h3 Be7 8.
d3 cxd3 9. Qxd3 Qxd3 10. cxd3 h6 11. Ne4 f5 12. Ned2 Kf7 13. O-O Rd8 14. b3
Rxd3 15. Bb2 e4 16. Ne5+ Nxe5 17. Rfd1 Bf6 18. Bxe5 Bxe5 19. Nc4 Bxa1 20. Rxa1
Kf6 21. f3 exf3 22. gxf3 Rxf3 23. Kg2 Rc3 24. Na3 b6 25. Nc4 Bb7+ 26. Kg1 Rxh3
27. Rf1 Rh1+ 28. Kf2 Rxf1+ 29. Kxf1 Ba6 30. Ke2 Bxc4+ 31. bxc4 Rg8 0-1

[Event "ODJM C 2022"]
[Site "Willingen GER"]
[Date "2022.06.10"]
[Round "8"]
[White "Winkler, Frida"]
[Black "Wagner, Valentin Thien-Phú"]
[Result "0-1"]
[Termination "normal"]
[Board "25"]
[WhiteElo "960"]
[BlackElo "1043"]
[PlyCount "36"]
[WhiteFideId "34622322"]
[BlackFideId "34603492"]
[EventCountry "GER"]
[EventRounds "9"]
[EventType "swiss"]
[EventDate "2022.06.04"]

1. e4 e5 2. Nf3 Nc6 3. Bc4 Nf6 4. Ng5 d5 5. exd5 Nxd5 6. Nxf7 Kxf7 7. Qf3+ Ke8
8. Bxd5 Qd7 9. Bxc6 Qxc6 10. Qh5+ g6 11. Qxe5+ Kf7 12. Qxh8 Bg7 13. Qxh7 Qxg2
14. Rf1 Qe4+ 15. Kd1 Bg4+ 16. f3 Bxf3+ 17. Rxf3+ Qxf3+ 18. Ke1 Re8# 0-1

[Event "ODJM C 2022"]
[Site "Willingen GER"]
[Date "2022.06.11"]
[Round "9"]
[White "Reger, Christoph"]
[Black "Moissl, Felix"]
[Result "1/2-1/2"]
[Termination "normal"]
[Board "9"]
[WhiteElo "1056"]
[BlackElo "928"]
[PlyCount "73"]
[WhiteFideId "16287606"]
[BlackFideId "34623574"]
[EventCountry "GER"]
[EventRounds "9"]
[EventType "swiss"]
[EventDate "2022.06.04"]

1. d4 d5 2. Bf4 Nf6 3.e3 c5 4. c3 Nc6 5. Nd2 e6 6. Ngf3 Be7 7. Bd3 O-O 8. Qe2
Bd7 9. O-O c4 10. Bc2 Re8 11. e4 dxe4 12. Nxe4 b5 13. Bg5 Nxe4 14. Bxe7 Nxc3
15. bxc3 Qxe7 16. Rab1 a6 17. a4 Rab8 18. axb5 axb5 19. Rb2 Qa3 20. Be4 Qxc3
21. Bxc6 Bxc6 22. Ne5 Bd5 23. Rd1 Qa5 24. Nd7 Rb7 25. Nc5 Ra7 26. h3 b4 27.
Rdb1 b3 28. Qe3 c3 29. Nxb3 Bxb3 30. Rxb3 c2 31. Rc1 Qa2 32. Rc3 Qd5 33. R3xc2
h6 34. Rc5 Qd7 35. Qe5 Rd8 36. Rd1 Qd6 37. Qxd6 1/2-1/2

[Event "ODJM C 2022"]
[Site "Willingen GER"]
[Date "2022.06.11"]
[Round "9"]
[White "Seelinger, Elina"]
[Black "Peglau, Lorena"]
[Result "1/2-1/2"]
[Termination "normal"]
[Board "10"]
[WhiteElo "1022"]
[BlackElo "1224"]
[PlyCount "58"]
[WhiteFideId "34623485"]
[BlackFideId "16290542"]
[EventCountry "GER"]
[EventRounds "9"]
[EventType "swiss"]
[EventDate "2022.06.04"]

1. e4 e6 2. d4 d5 3. exd5 exd5 4. Nf3 Nf6 5. Bd3 Bg4 6. h3 Bh5 7. Bf4 Bd6 8.
Bxd6 Qxd6 9. O-O O-O 10. Nbd2 Re8 11. Re1 Nbd7 12. c3 c6 13. Rxe8+ Rxe8 14. Nf1
Ne4 15. g4 Bg6 16. Ne3 h6 17. Nd2 Nxd2 18. Qxd2 Bxd3 19. Qxd3 Qf4 20. Qf5 Qxf5
21. Nxf5 Re2 22. Rb1 Nf6 23. Kf1 Re6 24. Re1 Rxe1+ 25. Kxe1 h5 26. f3 hxg4 27.
hxg4 Kf8 28. Nd6 b5 29. Kd2 a5 1/2-1/2

[Event "ODJM C 2022"]
[Site "Willingen GER"]
[Date "2022.06.11"]
[Round "9"]
[White "Pac, Maksym"]
[Black "Zheng, Yanchen"]
[Result "1/2-1/2"]
[Termination "normal"]
[Board "11"]
[WhiteElo "1033"]
[BlackElo "1111"]
[PlyCount "84"]
[WhiteFideId "34623558"]
[BlackFideId "34622268"]
[EventCountry "GER"]
[EventRounds "9"]
[EventType "swiss"]
[EventDate "2022.06.04"]

1. d4 d5 2. Nc3 Nf6 3. Bf4 c5 4. Nb5 Qa5+ 5. Nc3 Nc6 6. e3 cxd4 7. exd4 a6 8.
Qd2 Ne4 9. Nxe4 dxe4 10. Qxa5 Nxa5 11. O-O-O e6 12. Ne2 Be7 13. Nc3 O-O 14.
Nxe4 b5 15. f3 Bb7 16. g4 f5 17. Bg5 Bxg5+ 18. Nxg5 fxg4 19. Nxe6 Rf6 20. d5
Bxd5 21. Rxd5 Rxe6 22. fxg4 Re1+ 23. Kd2 Rae8 24. Bxb5 Rxh1 25. Bxe8 Kf8 26.
Ba4 Nc4+ 27. Kc3 Nb6 28. Ra5 Nxa4+ 29. Rxa4 Rxh2 30. Rxa6 Rg2 31. Rd6 Ke7 32.
Rd2 Rxg4 33. b4 h5 34. b5 Ra4 35. Rd5 h4 36. b6 Ra6 37. Rb5 Ra8 38. Rh5 h3 39.
b7 Rb8 40. Rxh3 Rxb7 41. a4 Kd6 42. Rh4 Kc6 1/2-1/2

[Event "ODJM C 2022"]
[Site "Willingen GER"]
[Date "2022.06.11"]
[Round "9"]
[White "Braschler, David"]
[Black "Bücker, Phil"]
[Result "1-0"]
[Termination "normal"]
[Board "12"]
[WhiteElo "1046"]
[BlackElo "933"]
[PlyCount "87"]
[WhiteFideId "34623850"]
[BlackFideId "34623841"]
[EventCountry "GER"]
[EventRounds "9"]
[EventType "swiss"]
[EventDate "2022.06.04"]

1. e4 c5 2. Nf3 Nc6 3. c4 e6 4. d4 cxd4 5. Nxd4 Qc7 6. Be3 a6 7. Nc3 b6 8. Be2
Bb7 9. O-O Nf6 10. Bd3 Qe5 11. Nf3 Qh5 12. Bxb6 Bd6 13. h3 Ne5 14. Be2 Bb8 15.
Bd4 Nxf3+ 16. Bxf3 Qg5 17. e5 Qf4 18. Bxb7 Ra7 19. Ne2 Qf5 20. Ng3 Qf4 21. Bxa7
Bxa7 22. exf6 Qxf6 23. Qf3 Qxb2 24. Bxa6 Bd4 25. Rab1 Qxa2 26. Rb8+ Ke7 27.
Rxh8 Qxa6 28. Re1 Qxc4 29. Nf5+ Kf6 30. Nd6+ Kg5 31. Nxc4 d5 32. Rxh7 dxc4 33.
Qh5+ Kf6 34. Qh4+ Kg6 35. Re4 e5 36. Rg4+ Kf5 37. Qg5+ Ke6 38. Qxg7 c3 39.
Qxf7+ Kd6 40. Rxd4+ exd4 41. Rh5 c2 42. Qf6+ Kd7 43. Rh7+ Kc8 44. Qf8# 1-0

[Event "ODJM C 2022"]
[Site "Willingen GER"]
[Date "2022.06.11"]
[Round "9"]
[White "Fahlbusch, Niclas"]
[Black "Hasselmann, Isabelle Sophia"]
[Result "1/2-1/2"]
[Termination "normal"]
[Board "13"]
[WhiteElo "1280"]
[BlackElo "1270"]
[PlyCount "101"]
[WhiteFideId "16271548"]
[BlackFideId "16266951"]
[EventCountry "GER"]
[EventRounds "9"]
[EventType "swiss"]
[EventDate "2022.06.04"]

1. d4 d5 2. Bf4 c5 3. e3 Nc6 4. Nf3 Qb6 5. b3 cxd4 6. Nxd4 Nxd4 7. Qxd4 Qxd4 8.
exd4 Bf5 9. c4 e6 10. Nd2 Bb4 11. Rc1 Nf6 12. Be2 Ne4 13. f3 Nf6 14. O-O O-O
15. Nb1 Rfe8 16. c5 a6 17. a3 Bxb1 18. axb4 Bf5 19. b5 axb5 20. Bxb5 Rec8 21.
c6 bxc6 22. Bxc6 Ra3 23. Ba4 Rxc1 24. Rxc1 h6 25. Rc8+ Kh7 26. Ra8 Bc2 27. Bd6
Ra1+ 28. Kf2 Bxb3 29. Bc6 Rxa8 30. Bxa8 Kg6 31. h4 Nd7 32. g4 f6 33. Bc6 Nb6
34. Be8+ Kh7 35. f4 Nc4 36. Bc7 Bd1 37. g5 hxg5 38. hxg5 Bg4 39. gxf6 gxf6 40.
Kg3 Bf5 41. Bd8 Kg7 42. Be7 e5 43. fxe5 fxe5 44. dxe5 Nxe5 45. Kf4 Ng6+ 46.
Kxf5 Nxe7+ 47. Ke5 Kf8 48. Bh5 Kg7 49. Bf3 Kg6 50. Bxd5 Nxd5 51. Kxd5 1/2-1/2

[Event "ODJM C 2022"]
[Site "Willingen GER"]
[Date "2022.06.11"]
[Round "9"]
[White "Zinnikus, Elias"]
[Black "Schilay, Vinzenz"]
[Result "1/2-1/2"]
[Termination "normal"]
[Board "16"]
[WhiteElo "1282"]
[BlackElo "1003"]
[PlyCount "101"]
[WhiteFideId "16245024"]
[BlackFideId "12983209"]
[EventCountry "GER"]
[EventRounds "9"]
[EventType "swiss"]
[EventDate "2022.06.04"]

1. Nf3 Nc6 2. d4 d5 3. c4 e6 4. Nc3 Nf6 5. Bg5 Be7 6. e3 O-O 7. Bd3 b6 8. O-O
Bb7 9. Re1 Nb4 10. Bb1 dxc4 11. a3 Nbd5 12. Qc2 g6 13. e4 Nxc3 14. Qxc3 Re8 15.
Qxc4 Qd7 16. Bd3 Rad8 17. b4 c5 18. Bxf6 Bxf6 19. e5 Bxf3 20. gxf3 Be7 21. Re4
cxd4 22. Rd1 Qd5 23. Qxd5 Rxd5 24. Bc4 Rd7 25. Rexd4 Rxd4 26. Rxd4 Rd8 27.
Rxd8+ Bxd8 28. Kg2 Bg5 29. Kg3 Bc1 30. a4 g5 31. Kg4 Bf4 32. h4 h6 33. h5 Kf8
34. Kh3 Bxe5 35. Kg2 Ke7 36. Kf1 f5 37. Ke2 Bf4 38. Bb5 Bd6 39. Ke3 e5 40. Bd3
Kf6 41. b5 Bc5+ 42. Ke2 g4 43. fxg4 fxg4 44. Kf1 Kg5 45. Bg6 Kf4 46. Ke2 e4 47.
Bh7 e3 48. fxe3+ Bxe3 49. Kf1 Kg3 50. Bg8 Kh2 51. Bd5 1/2-1/2

[Event "ODJM C 2022"]
[Site "Willingen GER"]
[Date "2022.06.11"]
[Round "9"]
[White "Klockhaus, Daniel"]
[Black "Steinkamp, Matthis"]
[Result "0-1"]
[Termination "normal"]
[Board "17"]
[WhiteElo "1451"]
[BlackElo "942"]
[PlyCount "110"]
[WhiteFideId "16299132"]
[BlackFideId "16287622"]
[EventCountry "GER"]
[EventRounds "9"]
[EventType "swiss"]
[EventDate "2022.06.04"]

1. e4 c5 2. Nc3 Nc6 3. Bc4 e6 4. Nf3 Qc7 5. d3 a6 6. a4 b6 7. O-O Bb7 8. Ne2
Nf6 9. Bf4 Bd6 10. Bxd6 Qxd6 11. Qd2 O-O-O 12. Rfe1 Ne5 13. Nxe5 Qxe5 14. c3 d6
15. Ng3 Nd7 16. d4 Qf6 17. d5 Ne5 18. Be2 exd5 19. exd5 g6 20. b4 h5 21. h3 h4
22. Ne4 Qf5 23. Ng5 Nd7 24. Bg4 Qxd5 25. Qxd5 Bxd5 26. Rad1 Bb3 27. Rxd6 Kc7
28. Rxd7+ Rxd7 29. Bxd7 Kxd7 30. bxc5 bxc5 31. Ne4 Rc8 32. a5 Kc6 33. Rb1 c4
34. Kf1 Rb8 35. Ke2 Rb5 36. Ra1 f5 37. Nd2 Kc5 38. g3 g5 39. gxh4 gxh4 40. Nf3
Bc2 41. Nxh4 Rb2 42. Nf3 Bd3+ 43. Ke1 Re2+ 44. Kd1 Rxf2 45. Nd2 Rh2 46. Kc1
Rxh3 47. Kb2 Rh2 48. Rd1 f4 49. Kc1 Kb5 50. Nf3 Rc2+ 51. Kb1 Rxc3+ 52. Ka1 Ra3+
53. Kb2 Kb4 54. Nd4 c3+ 55. Kc1 Ra1# 0-1

[Event "ODJM C 2022"]
[Site "Willingen GER"]
[Date "2022.06.11"]
[Round "9"]
[White "Hellmann, Alexander"]
[Black "Yan, Haichen"]
[Result "0-1"]
[Termination "normal"]
[Board "18"]
[WhiteElo "949"]
[BlackElo "1188"]
[PlyCount "62"]
[WhiteFideId "34612050"]
[BlackFideId "34607951"]
[EventCountry "GER"]
[EventRounds "9"]
[EventType "swiss"]
[EventDate "2022.06.04"]

1. e4 c5 2. c3 d6 3. d4 cxd4 4. cxd4 Nf6 5.Nc3 a6 6. Nf3 e6 7. Be3 b5 8. a3 Bb7
9. Be2 Nxe4 10. Nxe4 Bxe4 11. O-O Be7 12. Nd2 Bg6 13. Nb3 Nd7 14. f4 Rc8 15.
Rc1 O-O 16. d5 Rxc1 17. Bxc1 Qb6+ 18. Kh1 Nf6 19. dxe6 fxe6 20. Nd4 Ne4 21. Be3
e5 22. Qb3+ Bf7 23. Ne6 Qb7 24. fxe5 dxe5 25. Rf5 Bf6 26. Bh5 Bxh5 27. Nd8+ Bf7
28. Nxf7 Qxf7 29. Qb4 Be7 30. Rxf7 Bxb4 31. Ra7 Rf1+ 0-1

[Event "ODJM C 2022"]
[Site "Willingen GER"]
[Date "2022.06.11"]
[Round "9"]
[White "Weidenhöfer, Ben"]
[Black "Wolf, Adam"]
[Result "1-0"]
[Termination "normal"]
[Board "19"]
[WhiteElo "1044"]
[BlackElo "926"]
[PlyCount "83"]
[WhiteFideId "16273702"]
[BlackFideId "34623426"]
[EventCountry "GER"]
[EventRounds "9"]
[EventType "swiss"]
[EventDate "2022.06.04"]

1. d4 d5 2. e3 Bf5 3. Bd3 Bg6 4. f4 e6 5. Nf3 Nf6 6. O-O c6 7. c3 Nbd7 8. Qc2
Be7 9. Ne5 Qc7 10. Bd2 a6 11. Be1 Nxe5 12. fxe5 Ng4 13. Qe2 Nh6 14. Nd2 Qb6 15.
Nf3 Rb8 16. Bh4 Bxh4 17. Nxh4 Bxd3 18. Qxd3 Qxb2 19. Rfb1 Qa3 20. Nf3 Qe7 21.
Qxa6 O-O 22. Qd3 f6 23. Rf1 f5 24. Nd2 Qg5 25. Rf3 b5 26. Rg3 Qe7 27. Qe2 Qa3
28. Nb3 b4 29. cxb4 Rxb4 30. Qd1 Rfb8 31. Qc1 Qa6 32. Nc5 Qc8 33. Qf1 Rb2 34.
a4 Nf7 35. a5 Nd8 36. a6 Ra8 37. Qd1 Qc7 38. Qc1 Rbb8 39. Qd1 Kh8 40. Qh5 g6
41. Qh6 Ra7 42. Qf8# 1-0

[Event "ODJM C 2022"]
[Site "Willingen GER"]
[Date "2022.06.11"]
[Round "9"]
[White "Classen, Miguel"]
[Black "Moissl, Julian"]
[Result "1-0"]
[Termination "normal"]
[Board "20"]
[WhiteElo "881"]
[BlackElo "1146"]
[PlyCount "107"]
[WhiteFideId "34623825"]
[BlackFideId "16295129"]
[EventCountry "GER"]
[EventRounds "9"]
[EventType "swiss"]
[EventDate "2022.06.04"]

1. e4 e5 2. Nf3 Nc6 3. Bb5 Nf6 4. O-O a6 5. Ba4 Bc5 6. Re1 O-O 7. h3 b5 8. Bb3
Bb7 9. c3 d6 10. d4 Bb6 11. Qd3 Nd7 12. Nbd2 Ne7 13. Nf1 c5 14. Ng3 c4 15. Qe3
cxb3 16. axb3 Nc6 17. Nf5 Qf6 18. Kh1 g6 19. Nh6+ Kh8 20. Rd1 Ne7 21. dxe5 Nc8
22. Qxb6 Qxf3 23. gxf3 Ndxb6 24. Bg5 Kg7 25. exd6 f6 26. Be3 Nd7 27. Ng4 f5 28.
Bh6+ Kf7 29. Bxf8 Kxf8 30. Ne3 Ncb6 31. exf5 Bxf3+ 32. Kh2 Bxd1 33. Rxd1 Kf7
34. fxg6+ Kxg6 35. Kg3 Kg5 36. f4+ Kh5 37. Nd5 Rg8+ 38. Kf2 Kh4 39. f5 Rf8 40.
Ke3 Nc8 41. Ne7 Re8 42. f6 Nxf6 43. d7 Rxe7+ 44. Kf4 Nxd7 45. c4 Rf7+ 46. Ke4
Nc5+ 47. Ke3 Nxb3 48. cxb5 axb5 49. Rd5 Rg7 50. Rxb5 Rg3+ 51. Kf4 Nd6 52. Rb6
Nf7 53. Rf6 Ng5 54. Rh6# 1-0

[Event "ODJM C 2022"]
[Site "Willingen GER"]
[Date "2022.06.11"]
[Round "9"]
[White "Hildebrand, Azat"]
[Black "Eitel, Luc"]
[Result "0-1"]
[Termination "normal"]
[Board "21"]
[WhiteElo "1190"]
[BlackElo "1220"]
[PlyCount "92"]
[WhiteFideId "34607536"]
[BlackFideId "16299728"]
[EventCountry "GER"]
[EventRounds "9"]
[EventType "swiss"]
[EventDate "2022.06.04"]

1. d4 Nf6 2. Nf3 d5 3. e3 Bf5 4. Nbd2 e6 5. Nh4 Bg6 6. Nxg6 hxg6 7. Bd3 c5 8.
c3 Qc7 9. g3 Nbd7 10. Qe2 Be7 11. O-O O-O-O 12. b3 Rh3 13. Kg2 Rdh8 14. Rh1 Bd6
15. f4 Ng8 16. Bb2 f5 17. Rac1 Ngf6 18. Nf1 Ne4 19. Bxe4 fxe4 20. b4 c4 21. Qg4
Nf8 22. a4 a6 23. Ra1 b6 24. Nd2 Qf7 25. Nb1 Nd7 26. Na3 Nf6 27. Qe2 Nh5 28.
Qg4 Kb7 29. Kg1 Nxg3 30. Kg2 Nxh1 31. Rxh1 R8h4 32. Qxh3 Rxh3 33. Kxh3 Qf5+ 34.
Kg2 Qg4+ 35. Kf2 Qf3+ 36. Kg1 Qxe3+ 37. Kg2 Qe2+ 38. Kg1 Qxb2 39. b5 Qxa3 40.
bxa6+ Kxa6 41. Kf2 Bxf4 42. Rg1 g5 43. h4 Qb2+ 44. Kf1 Qc1+ 45. Kg2 Qxc3 46.
Kh1 Qh3# 0-1

[Event "ODJM C 2022"]
[Site "Willingen GER"]
[Date "2022.06.11"]
[Round "9"]
[White "Rabus, Johann"]
[Black "Stepanjan, Tatevik Mia"]
[Result "1/2-1/2"]
[Termination "normal"]
[Board "22"]
[WhiteElo "1079"]
[BlackElo "1057"]
[PlyCount "49"]
[WhiteFideId "34602950"]
[BlackFideId "16246128"]
[EventCountry "GER"]
[EventRounds "9"]
[EventType "swiss"]
[EventDate "2022.06.04"]

1. e4 c5 2. d4 cxd4 3. c3 d3 4. c4 Nc6 5. Bxd3 d6 6. Nc3 Nf6 7. Nf3 e6 8. O-O
Be7 9. Be3 O-O 10. Qe2 b6 11. Rad1 a6 12. e5 Ng4 13. exd6 Bf6 14. Ne4 Bb7 15.
Nxf6+ Qxf6 16. Bg5 Nd4 17. Bxh7+ Kxh7 18. Rxd4 Bxf3 19. Bxf6 Bxe2 20. Re1 Nxf6
21. Rxe2 Rfd8 22. b4 Rac8 23. Rc2 Rd7 24. c5 bxc5 25. bxc5 1/2-1/2

[Event "ODJM C 2022"]
[Site "Willingen GER"]
[Date "2022.06.11"]
[Round "9"]
[White "Wagner, Valentin Thien-Phú"]
[Black "Reh, Krispin"]
[Result "0-1"]
[Termination "normal"]
[Board "23"]
[WhiteElo "1043"]
[BlackElo "1006"]
[PlyCount "74"]
[WhiteFideId "34603492"]
[BlackFideId "16299205"]
[EventCountry "GER"]
[EventRounds "9"]
[EventType "swiss"]
[EventDate "2022.06.04"]

1. e4 c6 2. d4 d5 3. e5 Bf5 4. Nc3 e6 5. Bd3 Bxd3 6. Qxd3 Nd7 7. Nf3 Bb4 8. b3
Ne7 9. O-O O-O 10. Bg5 h6 11. Bxe7 Qxe7 12. h3 Rac8 13. Nh2 c5 14. a3 cxd4 15.
axb4 Rxc3 16. Qd2 a6 17. Qxd4 Rxc2 18. Rac1 Rfc8 19. Rxc2 Rxc2 20. Qa7 Nxe5 21.
Qb8+ Kh7 22. Qxe5 Qxb4 23. Qe3 Rc3 24. Qe1 g6 25. Qe5 Rxb3 26. Qf6 Kg8 27. Rc1
Rb1 28. Qd8+ Kg7 29. Rf1 a5 30. Ng4 Rxf1+ 31. Kxf1 Qb1+ 32. Ke2 Qe4+ 33. Kf1
Qd3+ 34. Ke1 Qc3+ 35. Kf1 Qc1+ 36. Ke2 Qc2+ 37. Kf1 Qd1# 0-1

[Event "ODJM C 2022"]
[Site "Willingen GER"]
[Date "2022.06.11"]
[Round "9"]
[White "Kulgemeyer, Justus"]
[Black "Rabe, Elina"]
[Result "1-0"]
[Termination "normal"]
[Board "25"]
[WhiteElo "797"]
[BlackElo "764"]
[PlyCount "37"]
[WhiteFideId "34623671"]
[BlackFideId "34623531"]
[EventCountry "GER"]
[EventRounds "9"]
[EventType "swiss"]
[EventDate "2022.06.04"]

1. d4 d5 2. Nc3 Nf6 3. Bf4 Nc6 4. Nb5 Kd7 5. Nxc7 Rb8 6. Nxd5 Nxd5 7. Bxb8 Nxb8
8. e4 Nf4 9. Qg4+ Ke8 10. Qxf4 Nc6 11. Bb5 Bd7 12. Bc4 f6 13. Nf3 h6 14. Ne5
Nxe5 15. dxe5 Bc6 16. exf6 gxf6 17. Qf5 e5 18. Qg6+ Kd7 19. O-O-O+ 1-0